000
00350cam a2200145ua 4500
041
_a
eng
_h
082
_a
937.06
_b
GIB/GI
100
_a
Gibbon, .
245
_a
Gibbon`s decline and fall of the Roman Empire vol-4
260
_a
London :
_b
Everymans Library ,
_c
1956.
300
_a
534 ; .
504
_a
942
_c
BK
999
_c
6315
_d
6315